Statistics for Taylor Swift Albums

Click here to take the quiz!

General Stats

  • This quiz has been taken 177 times
    (51 since last reset)
  • The average score is 13 of 14

Answer Stats

YearAnswer% Correct
20141989
100%
2020Evermore
100%
2008Fearless
100%
2020Folklore
100%
2019Lover
100%
2012Red
100%
2017Reputation
100%
2010Speak Now
100%
2006Taylor Swift
100%
2022Midnights
98%
20231989 (Taylor's Version)
83%
2021Fearless (Taylor's Version)
83%
2021Red (Taylor's Version)
83%
2023Speak Now (Taylor's Version)
81%

Score Distribution

Percentile by Number Answered

Percent of People with Each Score

Your Score History

You have not taken this quiz since the last reset